[Event "XXV SuperGM"]
[Site "Morelia/Linares MEX/ESP"]
[Date "2008.??.??"]
[Round "5"]
[White "Topalov, V."]
[Black "Carlsen, M."]
[Result "0-1"]
[WhiteElo "2780"]
[BlackElo "2733"]
[PlyCount "87"]
[EventDate "2008.??.??"]

1. e4 Nf6 2. e5 Nd5 3. d4 d6 4. Nf3 dxe5 5. Nxe5 c6 6. Bd3 Nd7 7. Nxd7 Bxd7 8.
O-O g6 9. Nd2 Bg7 10. Nf3 O-O 11. Re1 Bg4 12. c3 c5 13. Be4 cxd4 14. cxd4 e6
15. Qb3 Bxf3 16. Bxf3 Bxd4 17. Bxd5 Qxd5 18. Qxd5 exd5 19. Rd1 Bg7 20. Kf1 (20.
Rxd5 Rfd8 21. Rxd8+ Rxd8) 20... Rfd8 21. Bg5 Rd7 22. Rd2 h6 23. Be3 d4 24. Rd3
Rc8 25. Bd2 Rc2 26. Rb1 Re7 27. a4 f5 28. b3 Rec7 29. Be1 Kf7 30. Rd2 Rc1 31.
Rxc1 Rxc1 32. Ke2 Rb1 33. Rd3 Ke6 34. h4 Kd5 35. Bd2 (35. Rg3 Be5 36. Rxg6 d3+)
35... Ke4 36. Rg3 f4 37. Rd3 Be5 38. f3+ Kd5 39. Be1 Bd6 40. Bd2 g5 41. hxg5
hxg5 42. Be1 g4 43. fxg4 Ke4 44. g5 0-1

[Event "Aerosvit"]
[Site "Foros UKR"]
[Date "2008.??.??"]
[Round "11"]
[White "Karjakin, Sergey"]
[Black "Carlsen, M."]
[Result "1/2-1/2"]
[WhiteElo "2732"]
[BlackElo "2765"]
[PlyCount "58"]
[EventDate "2008.??.??"]

1. d4 Nf6 2. c4 g6 3. Nc3 d5 4. cxd5 Nxd5 5. e4 Nxc3 6. bxc3 Bg7 7. Bc4 c5 8.
Ne2 Nc6 9. Be3 O-O 10. O-O Na5 11. Bd3 b6 12. Qd2 e5 13. Bh6 exd4 14. Bxg7 Kxg7
15. cxd4 cxd4 16. Rac1 Bb7 17. f4 Rc8 18. Rxc8 Qxc8 19. f5 Nc6 20. Rf3 Ne5 21.
Rh3 Rh8 22. f6+ Kg8 23. Qh6 Qf8 24. Qxf8+ Kxf8 25. Nxd4 Ke8 26. Bb5+ Kd8 27.
Rc3 a6 28. Ba4 b5 29. Bb3 Re8 1/2-1/2

[Event "National Open"]
[Site "Las Vegas USA"]
[Date "2008.??.??"]
[Round "3"]
[White "Kamsky, G."]
[Black "Paragua, M."]
[Result "1-0"]
[WhiteElo "2726"]
[BlackElo "2538"]
[PlyCount "71"]
[EventDate "2008.??.??"]

1. e4 c5 2. Nf3 d6 3. d4 cxd4 4. Nxd4 Nf6 5. Nc3 a6 6. Bg5 e6 7. f4 Qc7 8. Bxf6
gxf6 9. Qd2 Nc6 10. Nb3 b5 11. Bd3 Bb7 12. a4 b4 13. Ne2 Rg8 14. g3 O-O-O 15.
O-O-O d5 16. exd5 Rxd5 17. Qe3 Na5 18. Bxh7 Nxb3+ 19. Qxb3 Rh8 20. Bd3 Ra5 21.
Bc4 Bxh1 22. Rxh1 Qc6 23. Rd1 Rxh2 24. Nd4 Rxa4 25. Kb1 Rh1 26. Bf1 Qd7 27. Qf3
Qd5 (27... Rh8 28. Qa8+ Kc7 29. Bb5) 28. Qxd5 exd5 29. Bxa6+ Rxa6 30. Rxh1 Bc5
31. Nf5 Kd7 32. Rh7 Ke6 33. Ng7+ Kd7 34. Rh5 Rd6 35. Ka2 Bf2 36. Kb3 1-0

[Event "National Open"]
[Site "Las Vegas USA"]
[Date "2008.??.??"]
[Round "5"]
[White "Akobian, V."]
[Black "Friedel, J."]
[Result "0-1"]
[WhiteElo "2601"]
[BlackElo "2484"]
[PlyCount "126"]
[EventDate "2008.??.??"]

1. d4 Nf6 2. c4 e6 3. Nc3 Bb4 4. e3 b6 5. Nge2 Ba6 6. a3 Be7 7. Nf4 d5 8. b3 c6
9. Bb2 O-O 10. Bd3 Bd6 11. O-O Nbd7 12. Rc1 Rc8 13. Nh5 Nxh5 14. Qxh5 f5 15.
Qe2 Qh4 16. g3 Qh3 17. f3 Rce8 18. Rc2 Bb7 19. Qg2 Qh6 20. Qd2 c5 21. cxd5 exd5
22. Bb5 Rf7 23. dxc5 Bxc5 24. Nxd5 f4 25. b4 fxe3 26. Qe2 Bxd5 27. bxc5 bxc5
28. Bc4 Qe6 29. Kg2 g5 30. h3 h5 31. Bxd5 Qxd5 32. Qc4 Qxc4 33. Rxc4 Rb8 34.
Bc3 Rb3 35. Re1 Re7 36. a4 Ne5 37. Rxc5 Nd3 38. Rc8+ Kf7 39. Re2 h4 40. Bd4
hxg3 41. Kxg3 Nf4 42. Rxe3 Rbxe3 43. Bxe3 Rxe3 44. h4 Nh5+ 45. Kg4 Nf6+ 46.
Kxg5 Re5+ 47. Kf4 Ra5 48. Rc4 Nd5+ 49. Kg3 Nb6 50. Rc7+ Kg6 51. f4 Nxa4 52. Kg4
Nb6 53. h5+ Kh6 54. Rc6+ Kh7 55. f5 Nd5 56. Kg5 Ra3 57. Rd6 Rg3+ 58. Kh4 Ne7
59. Rd7 Rg7 60. Kh3 Nxf5 61. Rd5 Ne7 62. Ra5 Nc8 63. Kh4 Nb6 0-1

[Event "National Open"]
[Site "Las Vegas USA"]
[Date "2008.??.??"]
[Round "6"]
[White "Hansen, Eric"]
[Black "Erenburg, S."]
[Result "0-1"]
[WhiteElo "2241"]
[BlackElo "2568"]
[PlyCount "99"]
[EventDate "2008.??.??"]

1. e4 c6 2. d4 d5 3. Nc3 dxe4 4. Nxe4 Bf5 5. Ng3 Bg6 6. Nf3 Nd7 7. Bd3 e6 8.
O-O Ngf6 9. c4 Bd6 10. b3 Qc7 11. Bb2 O-O 12. Re1 Rfd8 13. Bxg6 hxg6 14. Qc2 a5
15. Ne5 c5 16. Rad1 cxd4 17. Nxd7 Rxd7 18. Rxd4 Rad8 19. Red1 Bc5 20. Rxd7 Rxd7
21. Qe2 Rxd1+ 22. Qxd1 Qf4 23. Qf3 Qd2 24. Qe2 Qf4 25. Qf3 Qxf3 26. gxf3 Nd7
27. Ne4 Be7 28. Kf1 f5 29. Nd2 Kf7 30. Ke2 g5 31. h3 Bd6 32. Bc3 b6 33. Nf1 Nf8
34. Bd4 Bc5 35. Be3 Kf6 36. f4 gxf4 37. Bxf4 e5 38. Be3 Ne6 39. Nd2 g5 40. Nf3
e4 41. Ne1 f4 42. Bd2 Nd4+ 43. Kf1 Bb4 44. Bc1 Bc3 45. Ng2 Ke5 46. Ba3 Nf5 47.
c5 b5 48. c6 Ke6 49. Bf8 Be5 50. Bc5 0-1

[Event "Bundesliga 2007-8"]
[Site "Erfurt GER"]
[Date "2008.??.??"]
[Round "9"]
[White "Navara, D."]
[Black "Landa, K."]
[Result "1-0"]
[WhiteElo "2680"]
[BlackElo "2641"]
[PlyCount "119"]
[EventDate "2008.??.??"]

1. e4 c6 2. d4 d5 3. e5 c5 4. dxc5 Nc6 5. Nf3 Bg4 6. Bb5 Qa5+ 7. Nc3 e6 8. Be3
Nge7 9. a3 a6 10. b4 Qc7 11. O-O Bxf3 12. Qxf3 Qxe5 13. Bxc6+ Nxc6 14. Na4 g5
15. Nb6 Rd8 16. Qh3 h5 17. Bd2 g4 18. Qd3 Bg7 19. Rae1 Qd4 20. Qe2 Qe5 21. Qd3
Qd4 22. Qxd4 Nxd4 23. c4 Nc2 24. cxd5 Nxe1 25. Rxe1 Bd4 26. Re4 e5 27. Bg5 f5
28. Re2 Rb8 29. Bf6 Rh7 30. Kf1 Kf7 31. Bxe5 Bxe5 32. Rxe5 Re8 33. f4 gxf3 34.
Rxf5+ Kg6 35. Rxf3 Rhe7 36. d6 Re1+ 37. Kf2 R1e2+ 38. Kg3 R8e5 39. d7 Rd2 40.
Kh3 Ree2 41. Rf8 Re3+ 42. Rf3 Rxf3+ 43. gxf3 Kf6 44. f4 Ke7 45. Kg3 Rd4 46. f5
h4+ 47. Kf3 h3 48. a4 Kd8 49. b5 axb5 50. axb5 Rd1 51. Kg4 Rf1 52. c6 bxc6 53.
bxc6 Rg1+ 54. Kxh3 Rc1 55. f6 Rxc6 56. Nd5 Kxd7 57. f7 Rh6+ 58. Kg4 Rh8 59. Kf5
Rh5+ 60. Kg6 1-0

[Event "4NCL"]
[Site "Birmingham ENG"]
[Date "2007.??.??"]
[Round "4"]
[White "Conquest, S."]
[Black "Hennigan, M."]
[Result "1-0"]
[WhiteElo "2540"]
[BlackElo "2380"]
[PlyCount "81"]
[EventDate "2007.??.??"]

1. d4 Nf6 2. c4 g6 3. Nc3 Bg7 4. e4 d6 5. h3 O-O 6. Bg5 Nbd7 7. Nf3 e5 8. d5 h6
9. Be3 Nc5 10. Nd2 a5 11. Be2 Bd7 12. g4 c6 13. Kf1 a4 14. b4 axb3 15. axb3 Qb6
16. Kg2 Qb4 17. Qc2 cxd5 18. cxd5 Rxa1 19. Rxa1 Rc8 20. Rc1 b5 21. f3 h5 22. g5
Nh7 23. Qb2 Ra8 24. Ra1 Na4 25. Ra2 Rc8 26. Nxa4 bxa4 27. bxa4 Qxb2 28. Rxb2
Bxa4 29. Nc4 Bf8 30. h4 Rc7 31. Rb4 Bd7 32. Rb6 Be7 33. Nxd6 Rc2 34. Kf1 f6 35.
Nc4 fxg5 36. Rxg6+ Kf8 37. d6 Bd8 38. Nxe5 Bh3+ 39. Ke1 g4 40. Bh6+ Ke8 41.
Bb5+ 1-0

[Event "2005 Absolute"]
[Site "?"]
[Date "2008.08.04"]
[Round "?"]
[White "Wilson, Abe"]
[Black "Boucher, William"]
[Result "0-1"]
[WhiteElo "2239"]
[BlackElo "2346"]
[PlyCount "150"]

1. e4 d5 2. exd5 Qxd5 3. Nc3 Qd6 4. d4 Nf6 5. Nf3 a6 6. Be3 b5 7. Bd3 Bb7 8.
O-O Nbd7 9. Ng5 e6 10. Qe2 c5 11. dxc5 Qc6 12. f4 h6 13. Nf3 Bxc5 14. Bxc5
Qxc5+ 15. Kh1 b4 16. Na4 Qc7 17. Qd2 Nd5 18. Ne5 Nxe5 19. fxe5 Qxe5 20. Nc5 Qc7
21. Nxb7 Qxb7 22. Qe2 Qb6 23. Rae1 O-O 24. Qe4 g6 25. Rf3 Rac8 26. Rg3 Rc7 27.
Qe5 Rd7 28. Rf1 Qd6 29. Qe4 Rc8 30. Qh4 Kg7 31. Rh3 Rh8 32. Bc4 a5 33. Bxd5
exd5 34. Qd4+ f6 35. Rg3 Re8 36. Qg4 g5 37. Qd1 Qe5 38. Rgf3 Re6 39. c3 bxc3
40. Qa4 Ra7 41. bxc3 Qe4 42. Qb5 a4 43. a3 Rc7 44. h3 Qc4 45. Qa5 Ra6 46. Qb4
d4 47. Qxc4 Rxc4 48. cxd4 Rxd4 49. Kh2 Rad6 50. Rb1 Kg6 51. Rb8 f5 52. Rg8+ Kf7
53. Ra8 f4 54. h4 Kg6 55. hxg5 hxg5 56. g3 Rd2+ 57. Kg1 Kf5 58. gxf4 Kg4 59.
Re3 Kxf4 60. Re7 Rd1+ 61. Kf2 R6d2+ 62. Re2 Rxe2+ 63. Kxe2 Rd4 64. Kf2 Rd2+ 65.
Ke1 Ra2 66. Rxa4+ Ke3 67. Kd1 Kf3 68. Ra6 g4 69. Rf6+ Kg2 70. Rg6 g3 71. a4
Rxa4 72. Ke2 Re4+ 73. Kd3 Re7 74. Kd2 Kf2 75. Rf6+ Kg1 0-1

[Event "Absolute Champ"]
[Site "?"]
[Date "2008.08.05"]
[Round "?"]
[White "Rodriquez, Keith"]
[Black "Boucher, William"]
[Result "1-0"]
[WhiteElo "2331"]
[BlackElo "2349"]
[PlyCount "63"]

1. e4 d5 2. exd5 Qxd5 3. Nc3 Qd6 4. d4 Nf6 5. Nf3 a6 6. g3 b5 7. Bg2 Bb7 8. O-O
e6 9. Ne5 Bxg2 10. Kxg2 Ra7 11. Qf3 Be7 12. Be3 b4 13. Ne4 Qd5 14. Nxf6+ Bxf6
15. Qxd5 exd5 16. a3 bxa3 17. Rxa3 Bxe5 18. dxe5 Rb7 19. b3 Kd7 20. f4 Rc8 21.
Rd1 c6 22. Bc5 h5 23. Bd6 f6 24. Kf3 Ke6 25. Bxb8 Rcxb8 26. exf6 Kxf6 27. Rxa6
Rb6 28. Rda1 g5 29. fxg5+ Kxg5 30. h4+ Kg6 31. Rxb6 Rxb6 32. Ra8 1-0

[Event "Absolute Champ"]
[Site "?"]
[Date "2008.08.05"]
[Round "?"]
[White "Gales, Wesley"]
[Black "Brandhorst, Wesley"]
[Result "1-0"]
[WhiteElo "2336"]
[BlackElo "2453"]
[PlyCount "119"]

1. e4 e5 2. Nf3 Nc6 3. Bb5 Nf6 4. O-O Nxe4 5. d4 Nd6 6. Bxc6 dxc6 7. dxe5 Nf5
8. Qxd8+ Kxd8 9. Rd1+ Ke8 10. Nc3 a5 11. h3 a4 12. a3 h6 13. Bf4 Be6 14. Rd2
Ne7 15. Nd4 Nd5 16. Nxd5 cxd5 17. Nb5 Rc8 18. Nc3 c6 19. Nxa4 Ra8 20. Nc3 Bb4
21. Rd3 g5 22. Bg3 Bc5 23. Ne2 Bf5 24. Rc3 b6 25. Rd1 d4 26. Nxd4 Rd8 27. Nxf5
Rxd1+ 28. Kh2 Kd7 29. b4 Bf8 30. Ne3 Rb1 31. e6+ fxe6 32. Nc4 c5 33. Nxb6+ Kc6
34. Na4 Kb7 35. Nxc5+ Bxc5 36. Rxc5 Rc8 37. Rb5+ Ka7 38. Bd6 Rxc2 39. Bc5+ Ka8
40. Rb6 h5 41. Rxe6 h4 42. Be3 Re2 43. Re8+ Kb7 44. Re7+ Kc6 45. Bxg5 Rxf2 46.
Bxh4 Rff1 47. Re3 Rh1+ 48. Kg3 Rb2 49. Bf6 Ra2 50. Bd4 Rd1 51. Rc3+ Kb5 52. Bf2
Rdd2 53. Rf3 Rd5 54. h4 Kc4 55. Be3 Rd1 56. h5 Rh1 57. h6 Rxa3 58. Bg5 Ra2 59.
Rf7 Kxb4 60. Rf4+ 1-0

[Event "Absolute Champ"]
[Site "?"]
[Date "2008.08.05"]
[Round "?"]
[White "Brower, Walter"]
[Black "Miettinen, Kristo"]
[Result "1-0"]
[WhiteElo "2380"]
[BlackElo "2365"]
[PlyCount "51"]

1. c4 c6 2. g3 d5 3. Bg2 e5 4. cxd5 cxd5 5. d4 e4 6. Nc3 Bb4 7. Nh3 Bf5 8. Nf4
Nf6 9. e3 Bxc3+ 10. bxc3 Nc6 11. Ba3 Na5 12. Bf1 Qd7 13. Qb1 Rc8 14. Bb5 Nc6
15. Ba4 g5 16. Ng2 Bh3 17. O-O h5 18. c4 Bxg2 19. Kxg2 h4 20. Kg1 dxc4 21. d5
Nxd5 22. Rd1 hxg3 23. fxg3 f5 24. Rxd5 Qxd5 25. Qxb7 Qd7 26. Qa6 1-0

[Event "Interservice"]
[Site "?"]
[Date "2008.06.06"]
[Round "1"]
[White "Dulger, Elena"]
[Black "Choate, Paul"]
[Result "1-0"]
[WhiteElo "1828"]
[BlackElo "2050"]
[PlyCount "87"]

1. d4 Nf6 2. c4 e6 3. Nf3 b6 4. g3 Ba6 5. Qc2 d5 6. cxd5 exd5 7. Bg2 Bb4+ 8.
Nc3 O-O 9. O-O Re8 10. Re1 Bb7 11. Bg5 Na6 12. a3 Be7 13. b4 c6 14. Ne5 Nc7 15.
Bh3 Ne6 16. Bh4 Nxd4 17. Qd3 c5 18. bxc5 Bxc5 19. Nd7 Be7 20. Qxd4 Nxd7 21.
Bxe7 Qxe7 22. Nxd5 Bxd5 23. Qxd5 Nc5 24. a4 Rad8 25. Qc4 Rd2 26. a5 h5 27. Bf5
Qf6 28. Qb5 Red8 29. axb6 axb6 30. Bh3 Nd3 31. Rf1 Nxf2 32. Kg2 Qd4 33. Ra4 Qe3
34. Rxf2 g5 35. Qf5 R2d7 36. Re4 Qc1 37. e3 g4 38. Qg5+ Kf8 39. Qh6+ Kg8 40.
Bxg4 Rd2 41. Qg5+ Kf8 42. Qe7+ Kg8 43. Qxf7+ Kh8 44. Qxh5+ 1-0

[Event "Blitz:8'"]
[Site "?"]
[Date "2008.06.12"]
[Round "7"]
[White "Baniel, Jhonel"]
[Black "Echaure, Samuel"]
[Result "1-0"]
[WhiteElo "1932"]
[BlackElo "2009"]
[PlyCount "75"]

1. d4 Nf6 2. Bg5 e6 3. e4 h6 4. Bxf6 Qxf6 5. c3 b6 6. Bd3 Bb7 7. Ne2 g6 8. Nd2
Qe7 9. O-O Bg7 10. Ng3 c5 11. e5 d5 12. Ne2 O-O 13. Rc1 Nc6 14. Qa4 Rfc8 15.
Rfe1 Rc7 16. Nf1 Qd7 17. Ne3 Nxd4 18. Qd1 Nxe2+ 19. Qxe2 Bxe5 20. Ng4 Bg7 21.
Qd2 Kh7 22. Re3 h5 23. Rh3 Kg8 24. Nh6+ Kf8 25. Bxg6 fxg6 26. Rf3+ Ke8 27. Qg5
Qe7 28. Qxg6+ Kd8 29. Rf7 Bxh6 30. Rxe7 Rxe7 31. Qxh6 Kd7 32. Qxh5 Rd8 33. h4
Kc7 34. Qe5+ Kc8 35. g4 Bc6 36. f4 d4 37. Qf6 Ree8 38. f5 1-0

[Event "Northwest"]
[Site "?"]
[Date "2008.08.05"]
[Round "5"]
[White "Colasurdo, James"]
[Black "Gelb, Nicolo"]
[Result "1/2-1/2"]
[WhiteElo "1412"]
[BlackElo "1403"]
[PlyCount "51"]

1. d4 Nf6 2. c4 e6 3. Nc3 Bb4 4. Qc2 d5 5. Bg5 Nbd7 6. e3 b6 7. Bd3 h6 8. Bh4
Bb7 9. f3 c5 10. cxd5 exd5 11. a3 Bxc3+ 12. Qxc3 Qe7 13. Bb5 Ne4 14. Bxd7+ Kxd7
15. Bxe7 Nxc3 16. bxc3 Kxe7 17. Ne2 Rac8 18. O-O Ba6 19. Rfe1 Rhe8 20. Rac1
Bxe2 21. Rxe2 Kd6 22. Kf1 cxd4 23. exd4 Rxe2 24. Kxe2 Rc4 25. Kd3 Ra4 26. Ra1
1/2-1/2